| 000 | 00403nam a2200181Ia 4500 | ||
|---|---|---|---|
| 005 | 20250603145400.0 | ||
| 008 | 250603s9999 xx 000 0 und d | ||
| 020 | _a9788121924634 | ||
| 050 | _aHB 171.5 .D49/ | ||
| 100 | _aDewett, K. K. | ||
| 245 | 0 | _aModern economic theory | |
| 260 | _aDelhi | ||
| 260 | _bS. chand | ||
| 260 | _c2010 | ||
| 300 | _a1000 p | ||
| 650 | _aDelhi | ||
| 942 | _cBK | ||
| 999 |
_c41696 _d41696 |
||